000 00711nam a2200205Ii 4500
003 JO-AjNU
008 230605s9999||||xx |||||||||||||| ||und||
040 _aJO-AjNU
_bara
_erda
_cJO-AjNU
041 _aara
050 1 4 _aHD30.2.K52.2009
100 3 _aالخطيب،احمد/خالد زيغان,
_eauthor
_930860
245 0 0 _aادارة المعرفة ونظم المعلومات
250 _aط1
264 3 1 _aعمان،اربد:جدارا للكتاب الجامعي،عالم الكتب الحديث،2009
300 _a232ص
336 _atext
_btxt
_2rdacontent
337 _aunmediated
_bn
_2rdamedia
338 _avolume
_bnc
_2rdacarrier
650 4 _aالمعرفة-تنظيم وادارة
_930861
999 _aA12281
_c15849
_d15849